Dialogue concerning the two chief world systems, Ptolemaic & Copernican; (Record no. 122645)
[ view plain ]
| 000 -LEADER | |
|---|---|
| fixed length control field | 00913mam a2200253 4500 |
| 001 - CONTROL NUMBER | |
| control field | 1259433 |
| 003 - CONTROL NUMBER IDENTIFIER | |
| control field | ARRUPE |
| 005 - DATE AND TIME OF LATEST TRANSACTION | |
| control field | 20150414180139.0 |
| 008 - FIXED-LENGTH DATA ELEMENTS--GENERAL INFORMATION | |
| fixed length control field | 820617c19671962cauac b 000 0 eng d |
| 035 ## - SYSTEM CONTROL NUMBER | |
| System control number | (OCoLC)ocm08525474 |
| 040 ## - CATALOGING SOURCE | |
| Original cataloging agency | KLG |
| Transcribing agency | KLG |
| 041 1# - LANGUAGE CODE | |
| Language code of text/sound track or separate title | eng |
| Language code of original and/or intermediate translations of text | lat |
| 300 ## - PHYSICAL DESCRIPTION | |
| Other physical details | illus., port. |
| Dimensions | 21 cm. |
| 100 1# - MAIN ENTRY--PERSONAL NAME | |
| Personal name | Galilei, Galileo, |
| Dates associated with a name | 1564-1642. |
| 9 (RLIN) | 11368 |
| 240 10 - UNIFORM TITLE | |
| Uniform title | <a href="Dialogo dei massimi sistemi.">Dialogo dei massimi sistemi.</a> |
| Language of a work | English |
| 245 10 - TITLE STATEMENT | |
| Title | Dialogue concerning the two chief world systems, Ptolemaic & Copernican; |
| Statement of responsibility, etc | translated by Stillman Drake. Foreword by Albert Einstein. |
| 260 ## - PUBLICATION, DISTRIBUTION, ETC. (IMPRINT) | |
| Place of publication, distribution, etc | Berkeley, |
| Name of publisher, distributor, etc | University of California Press, |
| Date of publication, distribution, etc | 1967 [c1962] |
| 300 ## - PHYSICAL DESCRIPTION | |
| Extent | xxvii, 505 p. |
| 500 ## - GENERAL NOTE | |
| General note | With facsim. of original t.p. |
| 504 ## - BIBLIOGRAPHY, ETC. NOTE | |
| Bibliography, etc | Bibliographical references included in "Notes": p.[467]-500. |
| 650 #0 - SUBJECT ADDED ENTRY--TOPICAL TERM | |
| Topical term or geographic name as entry element | Astronomy |
| Form subdivision | Early works to 1800. |
| 9 (RLIN) | 13920 |
| 651 #0 - SUBJECT ADDED ENTRY--GEOGRAPHIC NAME | |
| Geographic name | Solar system. |
| 9 (RLIN) | 13921 |
| 942 ## - ADDED ENTRY ELEMENTS (KOHA) | |
| Source of classification or shelving scheme | Library of Congress Classification |
| Koha item type | Monograph ( Printed materials) |
| Withdrawn status | Lost status | Source of classification or shelving scheme | Damaged status | Not for loan | Collection code | Home library | Current library | Shelving location | Date acquired | Total Checkouts | Full call number | Barcode | Date last seen | Price effective from | Koha item type |
|---|---|---|---|---|---|---|---|---|---|---|---|---|---|---|---|
| Library of Congress Classification | Main Collection | ARRUPE LIBRARY | ARRUPE LIBRARY | Main Collection | 14/04/2015 | QB41.G129413 1962 | 46500002496 | 02/07/2019 | 14/04/2015 | Monograph ( Printed materials) |